Escenarisecret
Descripción Física:
10 p. : il. col. ; 21 cm
Idioma:
Catalán
MARC
| LEADER | 00000nam a22000007a 4500 | ||
|---|---|---|---|
| 008 | 220426b spa||||| |||| 00| 0 cat d | ||
| 017 | |a DL B 21654-2019 | ||
| 080 | |a FU-68-8 | ||
| 245 | |a Escenarisecret | ||
| 260 | |a Barcelona : |b Diputació de Barcelona. Àrea de Cultura |c 2019 | ||
| 300 | |a 10 p. : |b il. col. ; |c 21 cm | ||
| 650 | 0 | |a Teatre a l'aire lliure |9 52668 |z Barcelona (Catalunya : Província) | |
| 710 | 1 | |a Barcelona (Catalunya : Província). |b Oficina de Difusió Artística |9 52669 | |
| 942 | |2 udc |c ARXIU |n 1 | ||
| 952 | |0 0 |1 0 |4 0 |6 FU688 |7 1 |9 61377 |a Arxiu |b Arxiu |d 2022-04-26 |l 0 |o FU-68-8 |p 25303 |r 2022-04-26 00:00:00 |w 2022-04-26 |y ARXIU | ||
| 999 | |c 81333 |d 81333 | ||